[Event "Prague Summer op-B 3rd"]
[White "Blazquez Criado, Sergio"]
[Black "Repa, Vaclav"]
[Site "Prague"]
[Round "2"]
[Result "1-0"]
[Date "2016.08.06"]
[WhiteElo "1932"]
[BlackElo "1643"]
[PlyCount "59"]
[EventDate "2016.08.05"]
[EventType "swiss"]
[EventRounds "9"]
[EventCountry "CZE"]
[SourceTitle "CBM 173 Extra"]
[Source "ChessBase"]
[SourceDate "2016.08.29"]
[SourceVersion "1"]
[SourceVersionDate "2016.08.29"]
[SourceQuality "1"]

1. e4 c5 2. Nf3 d6 3. Bc4 Bg4 4. Bxf7+ Kxf7 5. Ng5+ Ke8 6. Qxg4 Nf6 7. Qe6 Qd7 8. Qf7+ Kd8 9. Ne6+ Kc8 10. Nxf8 Rxf8 11. Qxf8+ Ne8 12. 0-0 Nc6 13. c3 Ne5 14. d4 Ng6 15. Qf3 c4 16. Na3 h6 17. Qf5 Nh4 18. Qxd7+ Kxd7 19. Nxc4 Nf6 20. e5 Ne4 21. f3 d5 22. fxe4 dxc4 23. Bd2 g5 24. Rf7 Rg8 25. Raf1 h5 26. Rh7 g4 27. Rxh5 Nf3+ 28. gxf3 gxf3+ 29. Rg5 Rxg5+ 30. Bxg5 1-0

[Event "ESP-chT U16 4th"]
[White "Ballester Llagaria, Luis Eduardo"]
[Black "Blazquez Criado, Sergio"]
[Site "Benidorm"]
[Round "2.3"]
[Result "1-0"]
[Date "2011.12.08"]
[WhiteElo "2138"]
[BlackElo "1836"]
[PlyCount "57"]
[EventDate "2011.12.07"]
[EventType "team"]
[EventRounds "6"]
[EventCountry "ESP"]
[SourceTitle "EXT 2015"]
[Source "ChessBase"]
[SourceDate "2014.11.20"]
[SourceVersion "1"]
[SourceVersionDate "2014.11.20"]
[SourceQuality "1"]
[WhiteTeam "Manises Eva (U16)"]
[BlackTeam "Ourense (U16)"]
[WhiteTeamCountry "ESP"]
[BlackTeamCountry "ESP"]

1. e4 Nc6 2. Nf3 d6 3. d4 Bg4 4. Be2 Nf6 5. Nc3 e6 6. Be3 Be7 7. h3 Bh5 8. d5 exd5 9. exd5 Ne5 10. Nd4 Bxe2 11. Qxe2 Qd7 12. f4 Ng6 13. g4 h6 14. 0-0-0 Nh7 15. Nf5 Kf8 16. h4 Bf6 17. Qd3 Ne7 18. Nxe7 Bxe7 19. g5 h5 20. f5 Kg8 21. f6 gxf6 22. g6 Nf8 23. Rhg1 fxg6 24. Rxg6+ Kf7 25. Rdg1 Rh7 26. Bh6 f5 27. Qg3 Bxh4 28. Rg7+ Ke8 29. Qxh4 1-0

[Event "Gallego-ch U18"]
[White "Otero Nogueira, Brais"]
[Black "Blazquez Criado, Sergio"]
[Site "Pontedeume A Coruna"]
[Round "5.4"]
[Result "1-0"]
[Date "2010.02.15"]
[WhiteElo "1934"]
[BlackElo "1752"]
[PlyCount "53"]
[EventDate "2010.02.13"]
[EventType "swiss"]
[EventRounds "8"]
[EventCountry "ESP"]
[SourceTitle "EXT 2024"]
[Source "ChessBase"]
[SourceDate "2023.10.10"]
[SourceVersion "1"]
[SourceVersionDate "2023.10.10"]
[SourceQuality "1"]

1. e4 Nc6 2. Nf3 d5 3. exd5 Qxd5 4. d4 Bg4 5. Be2 0-0-0 6. Be3 Nf6 7. c4 Qf5 8. Nbd2 e6 9. 0-0 h5 10. a3 Bd6 11. c5 Bf4 12. b4 Nd5 13. Nc4 e5 14. b5 Nc3 15. Qd3 Nxe2+ 16. Qxe2 Nxd4 17. Bxd4 exd4 18. Rfe1 Qxc5 19. Qe4 Bxf3 20. Qxf4 Qxc4 21. Rac1 g5 22. Qf5+ Qe6 23. Rxe6 fxe6 24. Qxe6+ Kb8 25. gxf3 Rhe8 26. Qf7 d3 27. Rxc7 1-0

[Event "Gallego-ch U18"]
[White "Villar Perez, Samuel"]
[Black "Blazquez Criado, Sergio"]
[Site "Pontedeume A Coruna"]
[Round "3.1"]
[Result "1-0"]
[Date "2010.02.14"]
[WhiteElo "2086"]
[BlackElo "1752"]
[PlyCount "97"]
[EventDate "2010.02.13"]
[EventType "swiss"]
[EventRounds "8"]
[EventCountry "ESP"]
[SourceTitle "EXT 2024"]
[Source "ChessBase"]
[SourceDate "2023.10.10"]
[SourceVersion "1"]
[SourceVersionDate "2023.10.10"]
[SourceQuality "1"]

1. d4 Nf6 2. Nf3 b5 3. Bf4 Bb7 4. Nbd2 e6 5. e3 a6 6. a4 b4 7. Nc4 Be7 8. h3 Ne4 9. Bd3 f5 10. Qe2 0-0 11. 0-0 c5 12. dxc5 Bxc5 13. Rad1 Qe7 14. Rfe1 Bc6 15. a5 Ra7 16. Nd4 Nd6 17. Nxc6 Nxc6 18. Bxd6 Bxd6 19. Bxf5 Rxf5 20. Nxd6 Rxa5 21. Nc8 Qc5 22. Nxa7 Qxa7 23. Rd6 Rf5 24. Red1 Rf7 25. Qd3 Nb8 26. Qc4 Qb7 27. Qd4 Nc6 28. Qd3 Nb8 29. Ra1 Rf8 30. Ra5 Qc7 31. Rg5 Rf7 32. h4 a5 33. h5 h6 34. Rb5 Nc6 35. Rc5 Qa7 36. Qc4 a4 37. Rcxc6 dxc6 38. Qxb4 Qe7 39. Qd4 Rf8 40. Rxc6 a3 41. bxa3 Qxa3 42. Rc7 Rf7 43. Rxf7 Kxf7 44. c4 Qa5 45. g4 g6 46. Qd7+ Kf6 47. hxg6 Qa1+ 48. Kg2 Qa8+ 49. f3 1-0

[Event "ESP-ch U14"]
[White "Blazquez Criado, Sergio"]
[Black "Tallo Dominguez, Imar"]
[Site "Padron"]
[Round "1"]
[Result "0-1"]
[Date "2008.07.13"]
[WhiteElo "1645"]
[BlackElo "2129"]
[PlyCount "52"]
[EventDate "2008.07.13"]
[EventType "swiss"]
[EventRounds "9"]
[EventCountry "ESP"]
[SourceTitle "CBM 125 Extra"]
[Source "ChessBase"]
[SourceDate "2008.09.01"]
[SourceVersion "1"]
[SourceVersionDate "2008.09.01"]
[SourceQuality "1"]

1. e4 c5 2. d4 cxd4 3. c3 Nf6 4. e5 Nd5 5. cxd4 Nc6 6. Nc3 Nxc3 7. bxc3 d6 8. exd6 Qxd6 9. Nf3 g6 10. Bc4 Bg7 11. 0-0 0-0 12. Bg5 h6 13. Bh4 a6 14. Bg3 Qd8 15. Qd3 Bf5 16. Qd2 b5 17. Bb3 Rc8 18. Nh4 Be4 19. Rfe1 Bd5 20. Bxd5 Qxd5 21. Nf3 Rfd8 22. Re2 a5 23. a3 Rd7 24. Be5 Nxe5 25. Nxe5 Bxe5 26. Rxe5 Qxe5 0-1